| 000 | 005820000a22001810004500 | ||
|---|---|---|---|
| 003 | MACL | ||
| 005 | 20160513161258.0 | ||
| 008 | 160513b xxu||||| |||| 00| 0 eng d | ||
| 040 |
_aMACL _cMACL |
||
| 041 | _aHindi | ||
| 082 | _a891.431 SIN | ||
| 100 |
_aसिंह, शीला _956714 |
||
| 245 |
_aअन्तर्यात्रा _bकविता संग्रह _cशीला सिंह |
||
| 260 |
_bआस्था प्रकाशन _c2007 _aगाेरखपुर |
||
| 350 | _a90 | ||
| 650 |
_aPoetry _956881 |
||
| 942 |
_cHIN _k892.431/SIN _2ddc |
||
| 999 |
_c42947 _d42947 |
||